COMPRESIVE TEXTBOOK OF PSYCHIAATRY (Record no. 31986)
[ view plain ]
| 000 -LEADER | |
|---|---|
| fixed length control field | 00288nam a22001217a 4500 |
| 008 - FIXED-LENGTH DATA ELEMENTS--GENERAL INFORMATION | |
| fixed length control field | 171005b xxu||||| |||| 00| 0 eng d |
| 041 ## - LANGUAGE CODE | |
| Language code of text/sound track or separate title | eng |
| 080 ## - UNIVERSAL DECIMAL CLASSIFICATION NUMBER | |
| Edition identifier | 5 ED |
| Universal Decimal Classification number | 159.9 |
| 100 ## - Rafti | |
| Rafti | 49 |
| 101 ## - Shkurtesa | |
| Shkurtesa | PSI |
| 245 ## - TITLE STATEMENT | |
| Title | COMPRESIVE TEXTBOOK OF PSYCHIAATRY |
| Statement of responsibility, etc | KAPLAN.H.I |
| 942 ## - ADDED ENTRY ELEMENTS (KOHA) | |
| Source of classification or shelving scheme | |
| Item type | Books |
| Withdrawn status | Lost status | Source of classification or shelving scheme | Damaged status | Not for loan | Collection code | Permanent location | Current location | Shelving location | Date acquired | Total Checkouts | Full call number | Barcode | Date last seen | Price effective from | Koha item type |
|---|---|---|---|---|---|---|---|---|---|---|---|---|---|---|---|
| Koleksioni i përgjithshem | UBT - Lipjan | UBT - Lipjan | Koleksioni i përgjithshem | 10/05/2017 | 159.9 KAP | 002-2929092 | 10/05/2017 | 10/05/2017 | Books | ||||||
| Koleksioni i përgjithshem | UBT - Lipjan | UBT - Lipjan | Koleksioni i përgjithshem | 10/05/2017 | 159.9 KAP | 002-2929087 | 10/05/2017 | 10/05/2017 | Books | ||||||
| Koleksioni i përgjithshem | UBT - Lipjan | UBT - Lipjan | Koleksioni i përgjithshem | 10/05/2017 | 159.9 KAP | 002-2929082 | 10/05/2017 | 10/05/2017 | Books | ||||||
| Koleksioni i përgjithshem | UBT - Lipjan | UBT - Lipjan | Koleksioni i përgjithshem | 10/05/2017 | 159.9 KAP | 002-2929081 | 10/05/2017 | 10/05/2017 | Books |